000
00204nam a2200097Ia 4500
008
240331s9999 xx 000 0 und d
082
_b
RAJ
100
_a
Rajanarayanan, K
245
0
_a
Penn manam
942
_c
L
999
_c
3634
_d
3634